[Event "RSA-chT U10"]
[Site "Cape Town"]
[Date "2016.01.05"]
[Round "3.8"]
[White "Furstenburg, Shanel"]
[Black "Van der Merwe, Marnus"]
[Result "0-1"]
[WhiteElo "606"]
[BlackElo "686"]
[PlyCount "45"]
[EventDate "2016.01.04"]
[EventType "team-tourn"]
[EventRounds "7"]
[EventCountry "RSA"]
[SourceTitle "CBM 170 Extra"]
[Source "ChessBase"]
[SourceDate "2016.02.25"]
[SourceVersion "1"]
[SourceVersionDate "2016.02.25"]
[SourceQuality "1"]
[WhiteTeam "Bojanala Platina"]
[BlackTeam "Kenneth Kaunda"]
[WhiteTeamCountry "RSA"]
[BlackTeamCountry "RSA"]

1. e4 e5 2. Bc4 Qh4 3. Nf3 Qxe4+ 4. Qe2 Qf5 5. Nh4 Qg5 6. g3 c6 7. d3 Qxc1+ 8. Qd1 Qg5 9. Nf3 Qf5 10. Nc3 b5 11. Bb3 Bb4 12. Qd2 Qxf3 13. 0-0 Bb7 14. Ne4 Bxd2 15. Nxd2 Qg4 16. Rfe1 Qh3 17. Rxe5+ Kd8 18. Rae1 c5 19. Re8+ Kc7 20. R8e4 f5 21. Bd5 fxe4 22. Bxb7 Kxb7 23. Nxe4 0-1